000 00910nam a22002177a 4500
005 2012043002112.0
010 _a
020 _a8187983418
_c150.00
035 _aB-71766
037 _bPUB
082 _a423
100 _aचतुर्वेदी, महेन्द्र
_946063
245 _aव्यावहारिक पर्याय कोश /
_cमहेन्द्र चतुर्वेदी
260 _aदिल्ली
_bशब्दकार
_c2002
270 _a
_b
_e
_k
300 _a183पृ.
_c22सेमी (सजिल्द)
650 _aहिन्दी भाषा
_xव्याकरण
_946064
700 _aकौशिक, ओमप्रकाश
_945986
942 _2ddc
_cHN
_mचतुर्वे
_h423
999 _c65837
_d65837